| 000 | 00957nam a2200277 a 4500 | ||
|---|---|---|---|
| 003 | CO-ViMGA | ||
| 005 | 20230915232211.0 | ||
| 008 | 121121s2012 ck ab gr 00010dspa d | ||
| 020 | _a9789588617190 | ||
| 040 |
_aCO-ViMGA _bspa _cCO-ViMGA |
||
| 041 | 1 | _heng | |
| 043 | _an-us--- | ||
| 082 | 0 | 4 |
_a813.5 _bM17t2 _219 |
| 100 | 1 |
_aMartin, George R. R., _d1948- _92404 |
|
| 245 | 0 | 0 |
_aTormenta de espadas / _cGeorge R.R. Martin ; traducción Cristina Macía ... [et al.]. |
| 260 |
_aBogotá : _bPlaza & Janés ; _aMéxico : _bRandom House Mondadori, _c2012. |
||
| 300 |
_a1172 p. : _bil., mapa ; _c23 cm. |
||
| 490 | 1 |
_aCanción de hielo y fuego ; _v3 |
|
| 534 |
_pTítulo original : _tA storm of swords. |
||
| 650 | 1 | 4 |
_aNovela estadounidense. _92233 |
| 650 | 1 | 4 |
_aHistorias de aventuras. _9837 |
| 650 | 1 | 4 |
_aNovela fantástica. _91292 |
| 650 | 1 | 4 |
_aReyes y soberanos _v Novela. _92410 |
| 700 | 1 |
_aMacía, Cristina, _etr. _92415 |
|
| 942 |
_2ddc _cBK |
||
| 999 |
_c33791 _d33791 |
||